| Tag |
First Indicator |
Second Indicator |
Subfields |
| LEADER |
00000cam a2200000Ka 4500 |
| 001 |
in00002483000 |
| 005 |
20211202190706.0 |
| 006 |
m d f |
| 008 |
090205s2007 dcu s f000 0 eng d |
| 035 |
|
|
|a (OCoLC)ocn301818259
|
| 040 |
|
|
|a GPO
|c GPO
|d MvI
|d UtOrBLW
|
| 043 |
|
|
|a n-us-ga
|a n-us-sc
|
| 049 |
|
|
|a WWW
|
| 074 |
|
|
|a 0612-C (online)
|
| 086 |
0 |
|
|a I 49.44/2:SA 9/4
|
| 245 |
0 |
0 |
|a Area camping/boat launching facilities & charter/tour services :
|b [Savannah coastal refuges].
|
| 246 |
3 |
|
|a Savannah coastal refuges area camping and boat launching facilities, and charter tour services
|
| 250 |
|
|
|a Updated 06, 2007.
|
| 264 |
|
1 |
|a [Washington, D.C.] :
|b [U.S. Fish and Wildlife Service],
|c 2007.
|
| 300 |
|
|
|a 1 unnumbered page :
|b digital, PDF file.
|
| 336 |
|
|
|a text
|b txt
|2 rdacontent
|
| 337 |
|
|
|a computer
|b c
|2 rdamedia
|
| 338 |
|
|
|a unspecified
|b zu
|2 rdacarrier
|
| 538 |
|
|
|a Mode of access: Internet from the FWS web site. Address as of 2/5/09: http://www.fws.gov/wassaw/Assets/camping&charter.pdf ; current access via PURL.
|
| 500 |
|
|
|a Title from title screen (viewed Feb. 5, 2009).
|
| 500 |
|
|
|a Electronic resource.
|
| 650 |
|
0 |
|a Wildlife refuges
|z Georgia
|z Atlantic Coast.
|
| 650 |
|
0 |
|a Wildlife refuges
|z South Carolina
|z Atlantic Coast.
|
| 710 |
2 |
|
|a U.S. Fish and Wildlife Service.
|
| 856 |
4 |
0 |
|u https://purl.fdlp.gov/GPO/LPS108328
|t 0
|
| 999 |
|
|
|a MARS
|
| 999 |
f |
f |
|s 281de6e6-0276-3b93-9694-44710720f1dc
|i d5a9d272-c001-3df5-862d-da2914f8fe67
|t 0
|
| 952 |
f |
f |
|a Texas A&M University
|b College Station
|c Electronic Resources
|d Available Online
|t 0
|e I 49.44/2:SA 9/4
|h Superintendent of Documents classification
|
| 998 |
f |
f |
|a I 49.44/2:SA 9/4
|t 0
|l Available Online
|